[Event "12th Chennai Open 2020"]
[Site "Chennai"]
[Date "2020.01.19"]
[Round "3.16"]
[White "Neverov, Valeriy"]
[Black "Kiran, Manisha Mohanty"]
[Result "1-0"]
[WhiteElo "2460"]
[BlackElo "2133"]
[Annotator "ChessBase"]
[PlyCount "108"]
[EventDate "2020.01.19"]
[EventType "swiss"]
[EventCountry "IND"]
[SourceTitle "playchess.com"]
[Source "ChessBase"]
[SourceQuality "1"]
[TimeControl "5400+30"]

1. c4 {[%emt 0:01:48]} c5 {[%emt 0:08:40]} 2. g3 {[%emt 0:03:29]} g6 {[%emt 0:00:30]} 3. Bg2 {[%emt 0:00:12]} Bg7 {[%emt 0:00:11]} 4. Nc3 {[%emt 0:00:31]} Nc6 {[%emt 0:00:06]} 5. Nf3 {[%emt 0:01:27]} Nf6 {[%emt 0:00:10]} 6. O-O {[%emt 0:02:13]} O-O {[%emt 0:00:05]} 7. d4 {[%emt 0:03:54]} cxd4 {[%emt 0:00:11]} 8. Nxd4 {[%emt 0:00:04]} Qa5 {[%emt 0:00:13]} 9. e3 {[%emt 0:05:30]} d6 {[%emt 0:04:21]} 10. h3 {[%emt 0:13:31]} Bd7 {[%emt 0:06:47]} 11. Nde2 {[%emt 0:14:45]} Qh5 {[%emt 0:02:17]} 12. Nf4 {[%emt 0:02:21]} Qxd1 {[%emt 0:00:08]} 13. Rxd1 {[%emt 0:00:02]} Rac8 {[%emt 0:01:23]} 14. Bd2 {[%emt 0:01:15]} Rfe8 {[%emt 0:00:36]} 15. b3 {[%emt 0:03:10]} b6 {[%emt 0:00:45]} 16. Rac1 {[%emt 0:03:12]} Ne5 {[%emt 0:01:09]} 17. Be1 {[%emt 0:04:03]} Bc6 {[%emt 0:04:14]} 18. Bxc6 {[%emt 0:04:25]} Rxc6 {[%emt 0:00:38]} 19. Kg2 {[%emt 0:00:06]} Nfd7 {[%emt 0:10:56]} 20. Nfd5 {[%emt 0:02:04]} Rcc8 {[%emt 0:02:57]} 21. Nb5 {[%emt 0:07:11]} Nc6 {[%emt 0:00:35]} 22. f3 {[%emt 0:00:15]} Kf8 {[%emt 0:00:31]} 23. Bf2 {[%emt 0:00:28]} Red8 {[%emt 0:04:05]} 24. e4 {[%emt 0:00:15]} Nc5 {[%emt 0:04:37]} 25. Be3 {[%emt 0:05:25]} h6 {[%emt 0:01:47]} 26. Rd2 {[%emt 0:02:52]} g5 {[%emt 0:01:35]} 27. Kf2 {[%emt 0:04:02]} Rd7 {[%emt 0:02:14]} 28. Ke2 {[%emt 0:00:35]} e6 {[%emt 0:02:39]} 29. Ndc3 {[%emt 0:01:16]} Be5 {[%emt 0:00:12]} 30. f4 {[%emt 0:02:48]} gxf4 {[%emt 0:05:51]} 31. gxf4 {[%emt 0:00:07]} Bxc3 {[%emt 0:00:04]} 32. Nxc3 {[%emt 0:00:14]} f5 {[%emt 0:00:25]} 33. exf5 {[%emt 0:04:17]} exf5 {[%emt 0:00:02]} 34. Rcd1 {[%emt 0:00:54]} Re8 {[%emt 0:01:53]} 35. Rxd6 {[%emt 0:02:17]} Rxd6 {[%emt 0:03:29]} 36. Rxd6 {[%emt 0:00:04]} Re6 {[%emt 0:00:10]} 37. Rxe6 {[%emt 0:03:08]} Nxe6 {[%emt 0:00:03]} 38. Nd5 {[%emt 0:00:11]} Kf7 {[%emt 0:00:37]} 39. Kd3 {[%emt 0:00:12]} Kg6 {[%emt 0:00:16]} 40. b4 {[%emt 0:02:27]} Kh5 {[%emt 0:00:12]} 41. b5 {[%emt 0:01:08]} Ncd8 {[%emt 0:03:56]} 42. Ne7 {[%emt 0:00:35]} Ng7 {[%emt 0:00:07]} 43. c5 {[%emt 0:01:16]} bxc5 {[%emt 0:00:07]} 44. Bxc5 {[%emt 0:00:05]} Kh4 {[%emt 0:00:15]} 45. Bxa7 {[%emt 0:01:03]} Kxh3 {[%emt 0:00:07]} 46. Bd4 {[%emt 0:00:29]} Nge6 {[%emt 0:00:11]} 47. Nxf5 {[%emt 0:00:28]} h5 {[%emt 0:00:07]} 48. Ke4 {[%emt 0:00:50]} Kg4 {[%emt 0:00:09]} 49. Ne3+ {[%emt 0:00:58]} Kg3 {[%emt 0:00:09]} 50. Be5 {[%emt 0:00:26]} Nc5+ {[%emt 0:01:05]} 51. Kd5 {[%emt 0:00:16]} Nd7 {[%emt 0:00:15]} 52. Bc7 {[%emt 0:00:37]} Kf3 {[%emt 0:01:56]} 53. Bxd8 {[%emt 0:00:22]} Kxe3 {[%emt 0:00:20]} 54. Kd6 {[%emt 0:00:46]} Kd4 {[%emt 0:30:42] Ke5+ Kd5 Ke4+ Nb8+} 1-0

[Event "12th Chennai Open 2020"]
[Site "Chennai"]
[Date "2020.01.19"]
[Round "3.17"]
[White "Lugovskoy, Maxim"]
[Black "Bakshi, Rutuja"]
[Result "1/2-1/2"]
[WhiteElo "2453"]
[BlackElo "2118"]
[Annotator "ChessBase"]
[PlyCount "60"]
[EventDate "2020.01.19"]
[EventType "swiss"]
[EventCountry "IND"]
[SourceTitle "playchess.com"]
[Source "ChessBase"]
[SourceQuality "1"]
[TimeControl "5400+30"]

1. e4 {[%emt 0:04:06]} e6 {[%emt 0:00:00]} 2. d4 {[%emt 0:00:19]} d5 {[%emt 0:00:00]} 3. Nc3 {[%emt 0:00:33]} Bb4 {[%emt 0:00:00]} 4. a3 {[%emt 0:01:17]} Bxc3+ {[%emt 0:00:00]} 5. bxc3 {[%emt 0:00:05]} dxe4 {[%emt 0:00:12]} 6. Qg4 {[%emt 0:00:04]} Nf6 {[%emt 0:00:29]} 7. Qxg7 {[%emt 0:00:05]} Rg8 {[%emt 0:00:07]} 8. Qh6 {[%emt 0:00:03]} Nbd7 {[%emt 0:00:26]} 9. Ne2 {[%emt 0:00:20]} b6 {[%emt 0:00:47]} 10. g3 {[%emt 0:00:59]} Bb7 {[%emt 0:03:33]} 11. Bg2 {[%emt 0:00:06]} Qe7 {[%emt 0:02:21]} 12. O-O {[%emt 0:00:09]} O-O-O {[%emt 0:01:28]} 13. a4 {[%emt 0:00:04]} a5 {[%emt 0:05:28]} 14. Ba3 {[%emt 0:00:15]} Qe8 {[%emt 0:01:04]} 15. Rfe1 {[%emt 0:05:24]} Rg6 {[%emt 0:09:56]} 16. Qe3 {[%emt 0:06:34]} e5 {[%emt 0:04:06]} 17. Rad1 {[%emt 0:01:06]} Ng4 {[%emt 0:07:04]} 18. Qc1 {[%emt 0:02:08]} Rf6 {[%emt 0:06:15]} 19. Rf1 {[%emt 0:04:24]} exd4 {[%emt 0:06:33]} 20. Nxd4 {[%emt 0:05:53]} e3 {[%emt 0:10:42]} 21. Bxb7+ {[%emt 0:01:25]} Kxb7 {[%emt 0:02:24]} 22. fxe3 {[%emt 0:00:22]} Qe4 {[%emt 0:04:26]} 23. Qd2 {[%emt 0:02:03]} c5 {[%emt 0:06:42]} 24. Nb5 {[%emt 0:16:42]} Nde5 {[%emt 0:01:22]} 25. Qxd8 {[%emt 0:00:15]} Qxe3+ {[%emt 0:00:05]} 26. Kh1 {[%emt 0:00:03]} Qe4+ {[%emt 0:00:27]} 27. Kg1 {[%emt 0:00:04]} Qe3+ {[%emt 0:00:10]} 28. Kh1 {[%emt 0:00:06]} Qe4+ {[%emt 0:00:17]} 29. Kg1 {[%emt 0:00:05]} Qe3+ {[%emt 0:00:06]} 30. Kh1 {[%emt 0:00:03]} Qe4+ {[%emt 0:00:07]} 1/2-1/2

[Event "12th Chennai Open 2020"]
[Site "Chennai"]
[Date "2020.01.19"]
[Round "3.18"]
[White "Lakshmi Narayanan M V"]
[Black "Mitrabha, Guha"]
[Result "1-0"]
[WhiteElo "2162"]
[BlackElo "2448"]
[Annotator "NA"]
[PlyCount "81"]
[EventDate "2020.01.19"]
[EventType "swiss"]
[EventCountry "IND"]
[SourceTitle "playchess.com"]
[Source "ChessBase"]
[SourceQuality "1"]
[TimeControl "5400+30"]

1. e4 {[%emt 0:06:28]} c6 {[%emt 0:00:18]} 2. d4 {[%emt 0:00:00]} d5 {[%emt 0:00:06]} 3. Nd2 {[%emt 0:00:14]} dxe4 {[%emt 0:00:05]} 4. Nxe4 {[%emt 0:00:48]} Nf6 {[%emt 0:01:01]} 5. Nxf6+ {[%emt 0:01:01]} exf6 {[%emt 0:00:04]} 6. c3 {[%emt 0:01:37]} Bd6 {[%emt 0:00:08]} 7. Bd3 {[%emt 0:01:14]} O-O {[%emt 0:00:11]} 8. Ne2 {[%emt 0:00:39]} Re8 {[%emt 0:00:00]} 9. Qc2 {[%emt 0:00:29]} h5 {[%emt 0:00:00]} 10. Be3 {[%emt 0:03:10]} Nd7 {[%emt 0:00:00]} 11. O-O-O {[%emt 0:00:49]} Nf8 {[%emt 0:00:00]} 12. Kb1 {[%emt 0:01:46]} Be6 {[%emt 0:00:00]} 13. c4 {[%emt 0:04:00]} Rc8 {[%emt 0:00:39]} 14. Nc3 {[%emt 0:05:45]} Bb4 $11 {[%emt 0:07:05]} 15. Ne4 {[%emt 0:08:51]} Qa5 {[%emt 0:08:23]} 16. b3 {[%emt 0:05:30]} Rcd8 {[%emt 0:07:17]} 17. h3 {[%emt 0:04:19]} h4 {[%emt 0:09:06]} 18. g4 {[%emt 0:07:31]} b5 {[%emt 0:17:58]} 19. c5 {[%emt 0:01:28]} Bd5 {[%emt 0:00:22]} 20. Rhg1 {[%emt 0:02:44]} Ne6 {[%emt 0:01:10]} 21. g5 {[%emt 0:01:57]} fxg5 {[%emt 0:08:36]} 22. Nxg5 {[%emt 0:03:03]} Qc7 {[%emt 0:01:33]} 23. Nxe6 {[%emt 0:12:12]} Rxe6 {[%emt 0:00:30]} 24. Qe2 {[%emt 0:04:12]} g6 {[%emt 0:26:27]} 25. Qg4 {[%emt 0:02:34]} Qd7 {[%emt 0:03:36]} 26. Qxh4 {[%emt 0:01:20]} Rde8 {[%emt 0:00:46]} 27. Bg5 {[%emt 0:01:56]} Bf3 {[%emt 0:01:10]} 28. Bf6 {[%emt 0:01:21]} Rxf6 {[%emt 0:00:11]} 29. Qxf6 {[%emt 0:00:23]} Bh5 {[%emt 0:00:18]} 30. d5 {[%emt 0:08:44]} cxd5 {[%emt 0:02:25]} 31. Qh4 {[%emt 0:01:31]} Bxd1 {[%emt 0:01:28]} 32. Bxg6 {[%emt 0:00:29]} Bg4 {[%emt 0:02:11]} 33. Rxg4 {[%emt 0:02:36]} Kf8 {[%emt 0:01:40]} 34. Rxb4 {[%emt 0:02:40]} fxg6 {[%emt 0:01:09]} 35. Qf6+ {[%emt 0:00:47]} Qf7 {[%emt 0:00:02]} 36. Qxf7+ {[%emt 0:01:14]} Kxf7 {[%emt 0:00:02]} 37. Rxb5 {[%emt 0:00:02]} Re1+ {[%emt 0:00:02]} 38. Kc2 {[%emt 0:00:19]} Re2+ {[%emt 0:00:02]} 39. Kd3 {[%emt 0:00:21]} Rxa2 {[%emt 0:00:05]} 40. c6 {[%emt 0:00:50]} Ke6 {[%emt 0:00:02]} 41. Rc5 {[%emt 0:00:20]} 1-0

[Event "12th Chennai Open 2020"]
[Site "Chennai"]
[Date "2020.01.19"]
[Round "3.19"]
[White "Priyanka, Kumari"]
[Black "Hesham, Abdelrahman"]
[Result "1-0"]
[WhiteElo "1874"]
[BlackElo "2429"]
[Annotator "NA"]
[PlyCount "71"]
[EventDate "2020.01.19"]
[EventType "swiss"]
[EventCountry "IND"]
[SourceTitle "playchess.com"]
[Source "ChessBase"]
[SourceQuality "1"]
[TimeControl "5400+30"]

1. e4 {[%emt 1:30:30]} e5 {[%emt 1:30:30]} 2. Nf3 {[%emt 0:00:30]} Nc6 {[%emt 0:00:30]} 3. Bb5 {[%emt 0:00:30]} a6 {[%emt 0:00:30]} 4. Ba4 {[%emt 0:00:30]} g6 {[%emt 0:00:30]} 5. c3 {[%emt 0:00:30]} d6 6. d4 {[%emt 0:00:30]} Bd7 {[%emt 0:01:00]} 7. O-O {[%emt 0:00:30]} Bg7 {[%emt 0:00:30]} 8. Bg5 {[%emt 0:00:30]} Nf6 {[%emt 0:00:30]} 9. dxe5 {[%emt 0:00:30]} dxe5 {[%emt 0:00:30]} 10. Nbd2 {[%emt 0:00:30]} h6 {[%emt 0:00:30]} 11. Be3 {[%emt 0:00:30]} Qe7 {[%emt 0:00:30]} 12. b4 {[%emt 0:00:30]} Ng4 $14 {[%emt 0:00:30]} 13. Bc5 {[%emt 0:00:30]} Qf6 {[%emt 0:00:30]} 14. h3 {[%emt 0:00:30]} h5 {[%emt 0:00:30]} 15. Re1 {[%emt 0:00:30]} b6 {[%emt 0:00:30]} 16. Be3 {[%emt 0:00:30]} Nxe3 {[%emt 0:00:30]} 17. Rxe3 {[%emt 0:00:30]} b5 {[%emt 0:00:30]} 18. Bb3 {[%emt 0:00:30]} g5 {[%emt 0:00:30]} 19. Nh2 {[%emt 0:00:30]} g4 {[%emt 0:00:30]} 20. hxg4 {[%emt 0:00:30]} hxg4 {[%emt 0:00:30]} 21. Nxg4 {[%emt 0:00:30]} Qh4 {[%emt 0:00:30]} 22. Rh3 {[%emt 0:00:30]} Qxg4 {[%emt 0:00:30]} 23. Qxg4 {[%emt 0:00:30]} Bxg4 {[%emt 0:00:30]} 24. Rg3 {[%emt 0:00:30]} Bh6 {[%emt 0:00:30]} 25. Rxg4 {[%emt 0:00:30]} Bxd2 {[%emt 0:00:30]} 26. Bd5 {[%emt 0:00:30]} Kd7 {[%emt 0:00:30]} 27. Rd1 {[%emt 0:00:30]} Bh6 {[%emt 0:00:30]} 28. Bxf7+ {[%emt 0:00:30]} Ke7 {[%emt 0:00:30]} 29. Rg6 {[%emt 0:00:30]} Nd8 {[%emt 0:00:30]} 30. Bd5 {[%emt 0:00:30]} Ra7 {[%emt 0:00:30]} 31. Rd3 {[%emt 0:00:30]} Bf8 {[%emt 0:00:30]} 32. Rg5 {[%emt 0:00:30]} c6 {[%emt 0:00:30]} 33. Rxe5+ {[%emt 0:00:30]} Kd6 {[%emt 0:00:30]} 34. Re8 {[%emt 0:00:30]} Kc7 {[%emt 0:00:30]} 35. Bb3 {[%emt 0:00:30]} Bg7 {[%emt 0:00:30]} 36. Re7+ {[%emt 0:00:30]} 1-0

[Event "12th Chennai Open 2020"]
[Site "Chennai"]
[Date "2020.01.20"]
[Round "4.1"]
[White "Karthikeyan, P.."]
[Black "Ponkratov, Pavel"]
[Result "1/2-1/2"]
[WhiteElo "2416"]
[BlackElo "2622"]
[Annotator "TA"]
[PlyCount "104"]
[EventDate "2020.01.19"]
[EventType "swiss"]
[EventCountry "IND"]
[SourceTitle "playchess.com"]
[Source "ChessBase"]
[SourceQuality "1"]

{[%evp 18,104,35,39,42,30,28,33,87,73,77,75,102,94,110,58,75,88,90,68,79,64,113,112,105,105,107,95,104,83,94,43,50,53,71,35,35,22,27,15,18,13,21,0,4,8,69,12,12,12,12,12,30,0,16,1,1,0,0,0,0,0,0,0,0,0,0,0,0,0,0,-8,-8,-30,0,0,0,0,0,0,0,0,0,0,0,0,0,0,0]} 1. d4 Nf6 2. c4 e6 3. Nf3 c5 4. d5 exd5 5. cxd5 g6 6. Nc3 d6 7. Bf4 a6 8. a4 Bg7 9. h3 O-O 10. e3 Ne8 {A61: Modern Benoni: Nf3 without early e4} 11. Be2 Nd7 12. O-O (12. a5 Qe7 13. O-O Ne5 14. Bxe5 Bxe5 15. Nxe5 Qxe5 16. Qd2 Bd7 17. f4 Qg7 18. Bc4 {½-½ (35) Lysyj,I (2596)-Indjic,A (2628) Mali Losinj 2019}) 12... h6 (12... Ne5 $14) 13. e4 $16 Qe7 14. Qd2 $146 ({Predecessor:} 14. Nd2 Ne5 15. Nc4 Nxc4 16. Bxc4 Bxc3 17. bxc3 Qxe4 18. Bxh6 Qxc4 19. Bxf8 Kxf8 {0-1 (84) Jarmula,L (2444)-Molenda,M (2421) Lublin 2017}) 14... Kh7 15. Rfe1 b6 16. Bf1 (16. Bg3 $16) 16... g5 17. Bg3 Ne5 18. Nxe5 (18. Bxe5 {is interesting.} dxe5 19. Qe3 Qc7 20. Nd2 Nd6 21. Nc4) 18... Bxe5 19. Bxe5 Qxe5 20. Nd1 Rb8 21. Ne3 b5 22. axb5 axb5 23. Ra7 Nf6 24. b4 ({White should try} 24. Qc3 $16) 24... Kg8 25. f3 Re8 26. Rc1 c4 27. Nc2 Re7 28. Rca1 Rxa7 29. Rxa7 Bd7 30. Nd4 Rc8 31. Qc3 Be8 (31... h5 $11) 32. Ra6 (32. Ne2 $14) 32... Nh5 $11 33. Ne2 Nf4 {[#] White must now prevent ...Nxe2+.} 34. Qxe5 dxe5 35. Nc1 (35. Rxh6 $2 Nxe2+ 36. Bxe2 c3 $17) 35... h5 36. g3 Ng6 37. h4 gxh4 38. Bh3 Rd8 39. gxh4 Nxh4 40. Kf2 Ng6 41. Ne2 Kf8 42. Ke3 h4 43. Ra7 Rd6 44. Ra8 Ke7 45. Ra7+ Kf6 46. f4 {The position is equal.} Rd8 47. Ra6+ Kg7 48. fxe5 Nxe5 49. Nd4 Nd3 50. Nf5+ Kg8 51. Ne7+ Kg7 ({And not} 51... Kf8 52. Nc6 $16) 52. Nf5+ Kg8 {Accuracy: White = 51%, Black = 68%.} 1/2-1/2

[Event "12th Chennai Open 2020"]
[Site "Chennai"]
[Date "2020.01.20"]
[Round "4.2"]
[White "Martinez Alcantara, Jose Eduardo"]
[Black "Nitin, S.."]
[Result "1-0"]
[WhiteElo "2606"]
[BlackElo "2347"]
[Annotator "TA"]
[PlyCount "92"]
[EventDate "2020.01.19"]
[EventType "swiss"]
[EventCountry "IND"]
[SourceTitle "playchess.com"]
[Source "ChessBase"]
[SourceQuality "1"]

{[%evp 16,92,45,41,55,58,70,17,88,0,0,0,-4,0,21,10,14,11,2,14,34,40,59,58,66,68,101,100,94,79,90,89,134,127,133,119,156,65,74,36,33,36,53,0,24,36,72,17,56,57,54,62,62,62,67,66,66,66,61,49,90,88,88,88,88,88,88,88,200,200,474,249,724,634,874,870,850,830,724]} 1. e4 c5 2. Nf3 e6 3. d4 cxd4 4. Nxd4 a6 5. Bd3 g6 6. O-O Bg7 7. Nf3 d6 8. c4 Nf6 9. Nc3 O-O {B42: Sicilian: Kan Variation: 5 Bd3} 10. h3 Nc6 11. Bf4 (11. Be2 $14) 11... Nh5 (11... d5 $11) 12. Bh2 $146 ({White should play} 12. Be3 $16) ({Predecessor:} 12. Bg5 Qb6 13. Rc1 Qc7 14. Qb3 Nd4 15. Qd1 h6 16. Be3 Nxf3+ 17. Qxf3 {1-0 (37) Narciso Dublan,M (2534)-Lopez Martinez,J (2508) Catalunya 2012}) 12... Bxc3 $11 13. bxc3 e5 14. c5 Nf4 15. Bxf4 exf4 16. cxd6 Qxd6 17. Bc4 $36 {[%mdl 2048] White has good play.} Qe7 18. Bd5 Ne5 19. c4 {[%cal Bc3c4,Bc4c5,Bc5c6][%mdl 32]} Rb8 20. Rb1 b5 {[%cal Bb7b5,Bb5b4,Bb4b3,Bb3b2][%mdl 32]} 21. Nxe5 Qxe5 22. c5 Be6 23. Qf3 b4 24. c6 Rfc8 25. Rbc1 a5 26. Qb3 (26. Rfd1 $16) 26... Rb6 $1 $14 {[%cal Rb6c6]} 27. Qd3 a4 28. Rc4 b3 29. a3 ({White should try} 29. axb3 $1 $14 axb3 30. Rb1) 29... b2 {[#] Threatens to win with ...Rb3.} 30. Rb1 f3 31. g3 (31. Qd4 $16 Qg5 32. g3) 31... Rb3 32. Qd4 $1 {[%cal Rd4e5]} Qxd4 33. Rxd4 Rxa3 {[#] ...Ra1! is the strong threat.} 34. Rxb2 Ra1+ 35. Kh2 a3 36. Rbd2 Rc1 37. Ra4 Rc3 38. g4 Rd8 39. Ra6 Kg7 40. Kg3 h5 41. g5 h4+ (41... Rc5 $16) 42. Kxh4 $18 Rh8+ 43. Kg3 {Hoping for Bxe6.} Rxh3+ $2 (43... Rd8 44. h4 Kf8) 44. Kf4 {White is clearly winning.} Bxd5 45. exd5 Rh4+ 46. Ke5 Rb4 {Accuracy: White = 68%, Black = 36%.} 1-0

[Event "12th Chennai Open 2020"]
[Site "Chennai"]
[Date "2020.01.20"]
[Round "4.3"]
[White "Mchedlishvili, Mikheil"]
[Black "Harshavardhan G B"]
[Result "0-1"]
[WhiteElo "2578"]
[BlackElo "2343"]
[Annotator "TA"]
[PlyCount "86"]
[EventDate "2020.01.19"]
[EventType "swiss"]
[EventCountry "IND"]
[SourceTitle "playchess.com"]
[Source "ChessBase"]
[SourceQuality "1"]

{[%evp 12,86,23,23,36,36,40,41,38,20,20,22,12,29,50,56,65,35,55,31,32,46,62,49,48,54,47,51,75,11,36,21,19,27,17,10,119,104,124,131,132,0,115,113,108,103,97,85,83,76,178,0,186,-54,-60,-72,-64,-78,-7,-74,-84,-212,-162,-206,-216,-295,-284,-792,-827,-799,-791,-29975,-29976,-29977,-29978,-29997,-29998]} 1. e4 e5 2. Nf3 Nc6 3. d4 exd4 4. Nxd4 Bc5 5. Nb3 Bb6 6. Nc3 d6 7. Qe2 Nge7 {C45: Scotch Game} (7... Nf6 8. Be3 Be6 9. O-O-O Qe7 10. f3 O-O-O 11. Bxb6 axb6 12. Qe3 Bxb3 13. axb3 d5 14. Qg5 dxe4 15. Bc4 {1-0 (42) Chigaev,M (2631)-Wang,H (2756) Moscow 2019}) 8. Be3 O-O 9. O-O-O f5 {White is slightly better.} 10. Bxb6 axb6 11. f4 fxe4 12. Qxe4 Bf5 13. Qf3 Qd7 {And now ...Bg4 would win.} 14. Be2 Bg6 $146 ({Predecessor:} 14... b5 15. g4 {0-1 (40) Stubbs,M (2072)-Zhuravlev,K ICCF email 2011}) 15. g4 Nb4 $1 {[%cal Rb4a2]} 16. a3 Bxc2 17. Bc4+ Kh8 $1 18. axb4 Bxd1 19. Rxd1 (19. Nxd1 Nc6 $17) 19... Nc6 20. Bb5 (20. f5 $16) 20... Qf7 21. Nd5 Ne7 $1 {[%cal Re7d5]} 22. Nxe7 (22. Nxc7 Rac8 $17) 22... Qxe7 23. Kb1 c6 (23... d5 $1 $11) 24. Bd3 $16 d5 25. Qh3 {[%csl Gd3][%cal Rh3h7]} h6 26. Qh5 (26. g5 $1 $16) 26... Rxf4 (26... Qd6 $11 {remains equal.}) 27. Qg6 {[%csl Gd3][%cal Rg6h7]} Kg8 28. Qh7+ {[%mdl 1024] White has strong compensation.} Kf7 29. Bg6+ $1 Kf6 {[#]} 30. Bf5 $1 Qe5 (30... Kf7 $16) 31. Qg6+ $18 Ke7 32. b5 $2 (32. Nc1 $18 {Nd3! is the strong threat.} Rxf5 33. gxf5) 32... Rb4 $15 {[%mdl 64] Double Attack, Discovered Attack} 33. Bc2 Rxb5 $40 {[%mdl 128] White needs to defend precisely.} 34. Qd3 Kd6 (34... Kd7 $17 35. Qd2 Re8) 35. Rf1 (35. Qg6+ $1 $11 {keeps the balance.} Ke7 36. Qd3) 35... Re8 $17 36. Rf7 (36. Nd4 $17 {might work better.} Rb4 37. Qg6+ Kc7 38. Rf7+ Re7 39. Rxe7+ Qxe7 40. Ne6+ Kb8 41. Bf5) 36... Re7 ({Wrong is} 36... Qxh2 $2 37. Qg6+ Re6 38. Qxg7 $18) 37. Rf8 Rb4 ({Stronger than} 37... Qxh2 38. Qg6+ Kc7 39. Qf5 $11) 38. Qg6+ Kc7 39. Rf5 $2 (39. Rf7) 39... Qe1+ $19 40. Nc1 Qc3 {[%csl Gb4][%cal Rc3b2]} ({Not} 40... Rc4 41. Rf7 $17) 41. b3 {[#]} Re1 $1 {Black mates.} 42. Rf7+ Kb8 43. Qxg7 Rxb3+ $1 {[%mdl 64] Pin. Accuracy: White = 39%, Black = 51%.} 0-1